Countries that produce the most cotton - Statistics

General Stats
  • This quiz has been taken 54 times
  • The average score is 7 of 10
Answer Stats
Thousand Metric Tonnes Answer % Correct
6423 India
98%
3553 United States
98%
6532 China
96%
1524 Brazil
89%
2308 Pakistan
81%
297 Mexico
79%
697 Turkey
62%
501 Australia
57%
849 Uzbekistan
30%
332 Turkmenistan
23%
No matching quizzes found
Score Distribution
Percent of People with Each Score
Percentile by Number Answered
Your Score History
You have not taken this quiz